Freedoms, Courts, Politics : (Record no. 13992)
[ view plain ]
| 000 -LEADER | |
|---|---|
| fixed length control field | 00240nam a2200097 4500 |
| 082 ## - DEWEY DECIMAL CLASSIFICATION NUMBER | |
| Classification number | 342.73 |
| Item number | BAR/F |
| 100 ## - MAIN ENTRY--AUTHOR NAME | |
| Personal name | Barker, Lucius |
| 245 ## - TITLE STATEMENT | |
| Title | Freedoms, Courts, Politics : |
| Sub Title | Studies in Civil Liberties |
| 260 ## - PUBLICATION, DISTRIBUTION, ETC. (IMPRINT) | |
| Name of publisher | Prentice-hall, |
| 942 ## - ADDED ENTRY ELEMENTS (KOHA) | |
| Koha item type | Books |
| Withdrawn status | Lost status | Damaged status | Not for loan | Permanent Location | Current Location | Shelving location | Date acquired | Full call number | Accession Number | Price effective from | Koha item type |
|---|---|---|---|---|---|---|---|---|---|---|---|
| The National University of Advanced Legal Studies | The National University of Advanced Legal Studies | Reference | 21/03/2026 | 342.73 BAR/F | DB568 | 21/03/2026 | Books |